| 000 | 01102nam a22003377a 4500 | ||
|---|---|---|---|
| 001 | 0028787 | ||
| 003 | KOHA_MİRAKIL | ||
| 005 | 20260207002640.0 | ||
| 007 | ta | ||
| 008 | 110322b2010 tu |||gr||||#||||0|tur | | ||
| 020 |
_a9789757150978 _c0,01 |
||
| 040 |
_aTR-BiSEU _btur _cTR-BiSEU _erda |
||
| 041 | 0 | _atur | |
| 044 | _ctu | ||
| 050 |
_aRA395.A3 _bO96 2010 |
||
| 100 | 1 | _aÖznalbant, Zehra. | |
| 245 | 1 |
_aSağlık Sektöründe Hizmet Kalitesi Ölçümü- Bir Uygulama/ _cZehra Öznalbant ; Zehra Öznalbant. |
|
| 264 | 1 |
_aAfyon : _bAfyon Kocatepe Üniversitesi Yayınları _c2010 |
|
| 300 | _aviii, 127 sayfa; 24 cm. | ||
| 336 |
_ametin _btxt _2rdacontent |
||
| 337 |
_aaracısız _bn _2rdamedia |
||
| 338 |
_acilt _bnc _2rdacarrier |
||
| 490 | 1 |
_aAfyon Kocatepe Üniversitesi yayını ; _vNo. |
|
| 490 | 1 | _a77. | |
| 650 | 0 |
_aSağlık hizmetleri--Türkiye. _96339 |
|
| 650 | 0 |
_aSağlık politikaları--Türkiye. _96340 |
|
| 650 | 0 |
_aSağlık reformu--Türkiye. _957015 |
|
| 830 | 1 |
_aAfyon Kocatepe Üniversitesi yayını ; _vNo. _941321 |
|
| 830 | 1 |
_a77. _910878 |
|
| 942 |
_2lcc _cBK |
||
| 999 |
_c28709 _d28709 |
||